00523nam a22001577a 4500003000500000005001700005008004100022020001800063050002300081100001800104245007900122260005000201300004800251500003300299650003300332PILC20150505103926.0150505b xxu||||| |||| 00| 0 eng d a9781405170307 aQ 161.2b.J27 2002 aJames, Joyce. aPrinciples of science for nurses /cJoyce James, Colin Baker, Helen Swain. aHoboken, NJ :bBlackwell Science Ltd ;c2002. axviii, 252 pages :billustrations ;c25 cm. aIncludes glossary and index. aScience (Nurses)xPrinciples